000 00267nam a2200097Ia 4500
008 230915s9999 xx 000 0 und d
050 _aRT 85 .B88 2008
100 _a BUTTS JANIE B.
245 0 _aNURSING ETHICS ACROSS THE CURRICULUM AND INTO PRACTICE
942 _cBK
999 _c200706
_d200706